Coldplay Discography - Statistics

General Stats
  • This quiz has been taken 34 times
  • The average score is 69 of 147
Answer Stats
Year Album Song % Correct
2002 A Rush of Blood to the Head The Scientist
94%
2008 Viva la Vida or Death and All His Friends Viva la Vida
94%
2014 Ghost Stories A Sky Full of Stars
89%
2014 A Sky Full of Stars (EP) A Sky Full of Stars
89%
2002 A Rush of Blood to the Head Clocks
89%
2011 Mylo Xyloto Paradise
89%
2000 Parachutes Yellow
89%
2005 X&Y Fix You
83%
2000 Parachutes Sparks
83%
2015 A Head Full of Dreams Adventure of a Lifetime
78%
2000 Parachutes Parachutes
78%
2015 A Head Full of Dreams A Head Full of Dreams
72%
2011 Mylo Xyloto Princess of China
72%
2000 Parachutes Trouble
72%
2005 X&Y X&Y
72%
2011 Mylo Xyloto Charlie Brown
67%
2008 Viva la Vida or Death and All His Friends Death and All His Friends
67%
1999 The Blue Room (EP) Don't Panic
67%
2000 Parachutes Don't Panic
67%
2019 Everyday Life Everyday Life
67%
2021 Music of the Spheres Higher Power
67%
2015 A Head Full of Dreams Hymn for the Weekend
67%
2024 Moon Music MOON MUSiC
67%
2021 Music of the Spheres Music of the Spheres
67%
2021 Music of the Spheres Music of the Spheres II
67%
2011 Mylo Xyloto Mylo Xyloto
67%
2021 Music of the Spheres My Universe
67%
2000 Parachutes Shiver
67%
2005 X&Y Speed of Sound
67%
2005 X&Y Til Kingdom Come
67%
2002 A Rush of Blood to the Head Amsterdam
61%
2002 A Rush of Blood to the Head A Rush of Blood to the Head
61%
2014 A Sky Full of Stars (EP) Ghost Story
61%
2002 A Rush of Blood to the Head Green Eyes
61%
2002 A Rush of Blood to the Head In My Place
61%
2015 A Head Full of Dreams Kaleidoscope
61%
2014 Ghost Stories Magic
61%
2014 Ghost Stories O
61%
2014 A Sky Full of Stars (EP) O (Reprise)
61%
2002 A Rush of Blood to the Head Politik
61%
2000 Parachutes Spies
61%
2005 X&Y The Hardest Part
61%
2008 Viva la Vida or Death and All His Friends Cemeteries of London
56%
2011 Mylo Xyloto Every Teardrop Is a Waterfall
56%
2000 Parachutes Everything's Not Lost
56%
2008 Viva la Vida or Death and All His Friends Lost!
56%
2008 Prospekt's March Lost+
56%
2005 X&Y Swallowed in the Sea
56%
2008 Viva la Vida or Death and All His Friends Violet Hill
56%
2008 Viva la Vida or Death and All His Friends 42
50%
2024 Moon Music ALL MY LOVE
50%
1999 Single Brothers & Sisters
50%
2024 Moon Music feelslikeimfallinginlove
50%
1999 The Blue Room (EP) High Speed
50%
2000 Parachutes High Speed
50%
2008 Viva la Vida or Death and All His Friends Life in Technicolor
50%
2008 Prospekt's March Lovers in Japan (Osaka Sun Remix)
50%
2008 Viva la Vida or Death and All His Friends Lovers in Japan/Reign of Love
50%
2014 Ghost Stories Oceans
50%
2019 Everyday Life Orphans
50%
2008 Prospekt's March Prospekt's March / Poppyfields
50%
2008 Viva la Vida or Death and All His Friends Strawberry Swing
50%
2019 Everyday Life Sunrise
50%
2005 X&Y Talk
50%
2005 X&Y Twisted Logic
50%
2019 Everyday Life Arabesque
44%
2002 A Rush of Blood to the Head A Whisper
44%
2019 Everyday Life Champion of the World
44%
2019 Everyday Life Daddy
44%
2002 A Rush of Blood to the Head God Put a Smile Upon Your Face
44%
2011 Mylo Xyloto Hurts Like Heaven
44%
2014 Ghost Stories Ink
44%
2021 Music of the Spheres Let Somebody Go
44%
2005 X&Y Low
44%
2014 Ghost Stories Midnight
44%
2008 Prospekt's March Rainy Day
44%
2017 Kaleidoscope EP Something Just Like This
44%
2005 X&Y Square One
44%
2014 Ghost Stories True Love
44%
2015 A Head Full of Dreams Up&Up
44%
2011 Mylo Xyloto Up with the Birds
44%
2002 A Rush of Blood to the Head Warning Sign
44%
2005 X&Y What If
44%
2005 X&Y White Shadows
44%
2011 Mylo Xyloto A Hopeful Transmission
39%
2014 A Sky Full of Stars (EP) All Your Friends
39%
2014 Ghost Stories Always in My Head
39%
2005 X&Y A Message
39%
2014 Ghost Stories Another's Arms
39%
2015 A Head Full of Dreams Army of One
39%
2015 A Head Full of Dreams Birds
39%
2021 Music of the Spheres Biutyful
39%
2021 Music of the Spheres Coloratura
39%
2002 A Rush of Blood to the Head Daylight
39%
2015 A Head Full of Dreams Fun
39%
2008 Prospekt's March Glass of Water
39%
2019 Everyday Life Guns
39%
2021 Music of the Spheres Human Heart
39%
2008 Prospekt's March Life in Technicolor II
39%
2011 Mylo Xyloto Major Minus
39%
2011 Mylo Xyloto M.M.I.X.
39%
2008 Prospekt's March Now My Feet Won't Touch the Ground
39%
2021 Music of the Spheres People of the Pride
39%
2008 Prospekt's March Postcards from Far Away
39%
2011 Mylo Xyloto U.F.O.
39%
2000 Parachutes We Never Change
39%
2008 Viva la Vida or Death and All His Friends Yes
39%
2017 Kaleidoscope EP A L I E N S
33%
2017 Kaleidoscope EP All I Can Think About Is You
33%
2019 Everyday Life Church
33%
2019 Everyday Life Cry Cry Cry
33%
2011 Mylo Xyloto Don't Let It Break Your Heart
33%
2019 Everyday Life Èkó
33%
2015 A Head Full of Dreams Everglow
33%
2024 Moon Music iAAM
33%
2017 Kaleidoscope EP Miracles (Someone Special)
33%
2011 Mylo Xyloto Us Against the World
33%
2024 Moon Music WE PRAY
33%
2015 A Head Full of Dreams Amazing Day
28%
2010 Single Christmas Lights
28%
2021 Music of the Spheres Humankind
28%
2017 Kaleidoscope EP Hypnotised
28%
2024 Moon Music JUPiTER
28%
2019 Everyday Life Old Friends
28%
1999 The Blue Room (EP) See You Soon
28%
2019 Everyday Life Trouble in Town
28%
2011 Mylo Xyloto Up in Flames
28%
2019 Everyday Life WOTW / POTP
28%
2019 Everyday Life بنی آدم
22%
2024 Moon Music ALiEN HiTS/ALiEN RADiO
22%
2013 Single Atlas
22%
2019 Everyday Life BrokEn
22%
2015 A Head Full of Dreams Colour Spectrum
22%
2024 Moon Music GOOD FEELiNGS
22%
2021 Music of the Spheres Infinity Sign
22%
2024 Moon Music ONE WORLD
22%
2019 Everyday Life When I Need a Friend
22%
2024 Moon Music AETERNA
17%
2021 Music of the Spheres Alien Choir
17%
1999 The Blue Room (EP) Bigger Stronger
17%
1999 The Blue Room (EP) Such a Rush
17%
2018 Global Citizen – EP 1 E-Lo
11%
2003 Bonus Track Moses
6%
2011 Single Moving to Mars
6%
2018 Global Citizen – EP 1 Rise Up
6%
2018 Global Citizen – EP 1 Timbuktu
6%
2018 Global Citizen – EP 1 Voodoo
6%
No matching quizzes found
Score Distribution
Percent of People with Each Score
Percentile by Number Answered
Your Score History
You have not taken this quiz